000 00978nam a2200265Ia 4500
003 OSt
005 20221005110011.0
006 a|||||r|||| 00| 0
007 ta
008 221004b |||||||| |||| 00| 0 hin d
020 _a8126020423 (pbk)
_c200
024 _a92570
037 _b523, 19/03/2009, Vani Prakashan
_cTextual
040 _aCRL
_cCRL
_bhin
041 _2hin
_ahin
082 _aQ2315xD95, 152N1
100 _aउपाध्याय, नागेन्द्रनाथ
245 0 _aगोरखनाथ
246 _aGorakhanātha
260 _aनई दिल्ली
_bसाहित्य अकादेमी भारत
_c1991
300 _a68पृ0
_ccm.
490 _aभारतीय साहित्य के निर्माता
942 _hQ2315xD95, 152N1
_cTEXL
_2cc
999 _c1017480
_d1017480